[Event "Ontario Grumette op"]
[Site "Ontario"]
[Date "2012.05.26"]
[Round "1"]
[White "Peters, Jack"]
[Black "Ramirez, Hermogen"]
[Result "1-0"]
[WhiteElo "2350"]
[BlackElo "2140"]
[PlyCount "109"]
[EventDate "2012.05.26"]
[EventType "swiss"]
[EventRounds "6"]
[EventCountry "USA"]
[SourceTitle "EXT 2013"]
[Source "ChessBase"]
[SourceDate "2012.11.22"]
[SourceVersion "1"]
[SourceVersionDate "2012.11.22"]
[SourceQuality "1"]

1. e4 c5 2. Nf3 Nc6 3. Bb5 Nd4 4. Nxd4 cxd4 5. 0-0 a6 6. Bc4 e6 7. d3 Ne7 8. Nd2 g6 9. Nf3 Bg7 10. Bf4 0-0 11. Bd6 Re8 12. Qd2 b5 13. Bb3 Nc6 14. Qf4 Bb7 15. h4 Qf6 16. Qxf6 Bxf6 17. a4 Bg7 18. Rfe1 h6 19. e5 f6 20. c3 fxe5 21. Nxe5 Nxe5 22. Bxe5 dxc3 23. bxc3 Rac8 24. Rac1 Bxe5 25. Rxe5 b4 26. c4 d6 27. Re3 Rc7 28. Rce1 Rce7 29. d4 Kf7 30. f4 a5 31. Bd1 Kf6 32. Bg4 Bc6 33. Bd1 Bd7 34. Bb3 Bc6 35. R1e2 Bd7 36. h5 Bc6 37. hxg6 Bd7 38. Rg3 Kg7 39. c5 d5 40. Re5 Kf6 41. Bc2 Rb8 42. Rh3 Kg7 43. g4 Rbe8 44. Kg2 Bc6 45. Kg3 Rb7 46. g5 hxg5 47. Rh7+ Kg8 48. Rxb7 Bxb7 49. Rxg5 Ba6 50. Re5 Rb8 51. Rxe6 b3 52. Bb1 Bc8 53. Re8+ Kg7 54. Re7+ Kg8 55. f5 1-0

[Event "Carlos Torre Memorial op 15th"]
[Site "Merida"]
[Date "2002.12.20"]
[Round "8"]
[White "Tey Carrera, Joaquin"]
[Black "Ramirez, Hermogen"]
[Result "0-1"]
[WhiteElo "2085"]
[BlackElo "2208"]
[PlyCount "78"]
[EventDate "2002.12.13"]
[EventType "swiss"]
[EventRounds "9"]
[EventCountry "MEX"]
[SourceTitle "CBM 091 Extra"]
[Source "ChessBase"]
[SourceDate "2003.01.09"]
[SourceVersion "1"]
[SourceVersionDate "2003.01.09"]
[SourceQuality "1"]

1. d4 Nf6 2. c4 e6 3. Nf3 d5 4. Nc3 c6 5. Bg5 dxc4 6. Bxf6 gxf6 7. e4 b5 8. g3 Bb7 9. Bg2 a6 10. 0-0 Bb4 11. Qc1 Nd7 12. a3 Bxc3 13. Qxc3 Qb6 14. Rfd1 0-0-0 15. b3 cxb3 16. d5 c5 17. Nd4 Kb8 18. Nxb3 h5 19. Qa5 Qxa5 20. Nxa5 Ba8 21. Rac1 Kc7 22. a4 exd5 23. exd5 Kd6 24. axb5 axb5 25. Nb3 h4 26. Ra1 Rb8 27. Ra7 hxg3 28. fxg3 Rb7 29. Ra6+ Nb6 30. Na5 Rbb8 31. Nc6 c4 32. Nxb8 Rxb8 33. Rb1 Kc5 34. d6 Bxg2 35. Kxg2 c3 36. h4 b4 37. h5 c2 38. Rc1 b3 39. Kf2 Kxd6 0-1